| 000 | 00930nam a2200181 a 4500 | ||
|---|---|---|---|
| 008 | 091209s2003 ||||||||||||||||| || u | ||
| 050 | _aHC 79.E5 UNI | ||
| 110 | _aUnited Nations Economic and Social Affairs (UNESA) | ||
| 245 | 1 | 0 |
_aJohannesburg declaration on sustainable development and plan of implementation of the world summit on sustainable development _cUnited Nations |
| 260 |
_aJohannesburg _bUNITED NATIONS _c2003 |
||
| 300 | _a88p. | ||
| 350 | _a0.00 | ||
| 500 | _aWord Summit on Sustainable Development, 26 August - 4 September 2002, Johannesburg, South Africa | ||
| 650 | 0 | _aAFRICA--ECONOMIC CONDITIONS | |
| 650 | _aWORLD SUMMIT ON SUSTAINABLE DEVELOPMENT (2002: JOHANNESBURG, SOUTH AFRICA) | ||
| 650 | _aSUSTAINABLE DEVELOPMENT--CONGRESSES | ||
| 995 |
_D0.00 _FCBU-MAIN LIBRARY (Kitwe) _H1 _I0.00 _M1 _UAVAILABLE _WDec 9, 2009 _ZMain Library Open Access Collection |
||
| 999 |
_c48483 _d48483 |
||